000 01000nam1a22002171i 4500
001 rc\2979932
005 20240723235010.0
035 _a(NLR Aleph) 007125407
090 _a6904886
_c6904886
100 _a20110911d1934 |||y0rusy50 ca
101 0 _arus
102 _aRU
105 _ay z |||||
200 1 _aПрограмма ... для химических факультетов ВТУЗ'ов КОМЗАГ при СНК СССР
_e№ 1 -
_iСпециальный цикл
_fКом. по заготовкам с.-х. продуктов при СНК СССР. Учеб.-метод. совет
210 _aМосква
_cГлав. упр. мукомольно-крупяной пром-сти
_d1934
215 _d23 см
710 0 1 _aСССР
_bКомитет по заготовкам сельскохозяйственных продуктов
_bУчебно-методический совет
801 0 _aRU
_bNLR
_gpsbo
801 1 _aRU
_bELAR
_2rusmarc
852 _aNLR
_j34-17/589
942 _cBOOK